Design Build Agreement For Design And Construction Of Drainage And Ancillary Sewage System In Accra (Nima Drain- From Kaokudi To The Odaw River Basin) 2020. (Record no. 2969)

MARC details
000 -LEADER
fixed length control field 00597nam a2200145Ia 4500
008 - FIXED-LENGTH DATA ELEMENTS--GENERAL INFORMATION
fixed length control field 240429s9999||||xx |||||||||||||| ||und||
041 ## - LANGUAGE CODE
Language code of text/sound track or separate title eng
082 ## - DEWEY DECIMAL CLASSIFICATION NUMBER
Classification number PM/ODAW/20
100 ## - MAIN ENTRY--PERSONAL NAME
Personal name Parliament of Ghana
245 #0 - TITLE STATEMENT
Title Design Build Agreement For Design And Construction Of Drainage And Ancillary Sewage System In Accra (Nima Drain- From Kaokudi To The Odaw River Basin) 2020.
300 ## - PHYSICAL DESCRIPTION
Extent 40p
650 ## - SUBJECT ADDED ENTRY--TOPICAL TERM
Topical term or geographic name entry element Design Build Agreement For Design And Construction Of Drainage And Ancillary Sewage System - In Accra (Nima Drain- From Kaokudi To The Odaw River Basin) 2020.
942 ## - ADDED ENTRY ELEMENTS (KOHA)
Koha item type Annual Report
Holdings
Withdrawn status Lost status Damaged status Not for loan Home library Current library Shelving location Date acquired Total checkouts Full call number Date last seen Copy number Price effective from Koha item type
        Main Library Main Library Open Shelves 18/04/2023   PM/ODAW/20 5698 29/04/2024 1 29/04/2024 Annual Report
©2026  Parliament of Ghana Library - All rights reserved